Billboard Decade-End Hot 100 Singles of the 2010s - Statistics

General Stats
  • This quiz has been taken 83 times
  • The average score is 44 of 100
Answer Stats
# Artist Song % Correct
1 Mark Ronson Featuring Bruno Mars Uptown Funk!
86%
3 Ed Sheeran Shape Of You
83%
13 Carly Rae Jepsen Call Me Maybe
82%
21 Pharrell Williams Happy
78%
52 Adele Hello
77%
2 LMFAO Featuring Lauren Bennett & GoonRock Party Rock Anthem
72%
9 Luis Fonsi & Daddy Yankee Featuring Justin Bieber Despacito
69%
7 Lil Nas X Featuring Billy Ray Cyrus Old Town Road
69%
10 Adele Rolling In The Deep
69%
32 John Legend All Of Me
68%
5 Maroon 5 Featuring Cardi B Girls Like You
68%
18 Lorde Royals
68%
17 Meghan Trainor All About That Bass
66%
4 The Chainsmokers Featuring Halsey Closer
66%
20 Maroon 5 Featuring Christina Aguilera Moves Like Jagger
66%
25 Wiz Khalifa Featuring Charlie Puth See You Again
66%
24 Ke$ha TiK ToK
66%
26 Katy Perry Featuring Juicy J Dark Horse
65%
14 Robin Thicke Featuring T.I. + Pharrell Blurred Lines
63%
36 Imagine Dragons Radioactive
63%
8 Gotye Featuring Kimbra Somebody That I Used To Know
63%
48 Justin Bieber Sorry
62%
27 Macklemore & Ryan Lewis Featuring Wanz Thrift Shop
60%
39 OneRepublic Counting Stars
58%
59 Camila Cabello Featuring Young Thug Havana
57%
29 fun. Featuring Janelle Monae We Are Young
57%
6 Rihanna Featuring Calvin Harris We Found Love
57%
11 Post Malone & Swae Lee Sunflower
55%
77 Maroon 5 Featuring Wiz Khalifa Payphone
54%
50 Taio Cruz Dynamite
52%
54 Bruno Mars Grenade
52%
46 Eminem Featuring Rihanna Love The Way You Lie
52%
23 Post Malone Featuring 21 Savage Rockstar
52%
47 Ed Sheeran Thinking Out Loud
52%
73 Katy Perry Roar
51%
38 Adele Someone Like You
51%
19 Drake God's Plan
49%
33 Marshmello & Bastille Happier
49%
34 Taylor Swift Shake It Off
49%
16 Travis Scott Sicko Mode
49%
57 Avicii Wake Me Up!
49%
61 Billie Eilish Bad Guy
48%
49 Katy Perry Featuring Snoop Dogg California Gurls
48%
65 Taylor Swift Blank Space
46%
43 Katy Perry Firework
46%
92 Drake Hotline Bling
46%
37 LMFAO Sexy And I Know It
46%
56 Cardi B, Bad Bunny & J Balvin I Like It
45%
35 Drake Featuring WizKid & Kyla One Dance
45%
76 Maroon 5 Sugar
45%
55 Train Hey, Soul Sister
43%
22 Bruno Mars Just The Way You Are
43%
51 Juice WRLD Lucid Dreams
43%
12 Halsey Without Me
43%
58 The Chainsmokers Featuring Daya Don't Let Me Down
42%
40 Katy Perry Featuring Kanye West E.T.
42%
44 Pitbull Featuring Ne-Yo, Afrojack & Nayer Give Me Everything
40%
42 Justin Bieber Love Yourself
40%
31 The Weeknd The Hills
40%
99 Miley Cyrus Wrecking Ball
40%
30 Bruno Mars That's What I Like
38%
63 The Weeknd Can't Feel My Face
37%
66 Sia featuring Sean Paul Cheap Thrills
37%
90 Pitbull Featuring Ke$ha Timber
37%
41 Fetty Wap Trap Queen
37%
53 Rihanna featuring Drake Work
37%
69 Ariana Grande 7 Rings
35%
71 Macklemore & Ryan Lewis Featuring Ray Dalton Can't Hold US
35%
62 Iggy Azalea Featuring Charli XCX Fancy
34%
91 Hozier Take Me To Church
32%
74 MAGIC ! Rude
31%
78 B.o.B Featuring Hayley Williams Airplanes
29%
84 Lady Gaga Bad Romance
29%
82 Justin Timberlake Can't Stop The Feeling!
29%
88 Jonas Brothers Sucker
29%
75 Ariana Grande Thank U, Next
29%
95 CeeLo Green Forget You
28%
60 Usher Featuring will.i.am OMG
28%
83 OMI Cheerleader
26%
79 Post Malone Featuring Ty Dolla $ign Psycho
26%
70 Sam Smith Stay With Me
26%
85 Kelly Clarkson Stronger (What Doesn't Kill You)
26%
72 Post Malone Better Now
25%
80 Cardi B Bodak Yellow (Money Moves)
25%
89 Bebe Rexha & Florida Georgia Line Meant To Be
25%
68 Lady Antebellum Need You Now
25%
87 Drake Nice For What
23%
67 fun Some Nights
23%
93 twenty one pilots Heathens
22%
28 Maroon 5 One More Night
22%
96 Desiigner Panda
22%
94 Nicki Minaj Super Bass
22%
86 Justin Bieber What Do You Mean?
22%
97 Taio Cruz Featuring Ludacris Break Your Heart
20%
98 Drake In My Feelings
20%
81 Silento Watch Me
20%
64 Post Malone Wow.
20%
100 The Lumineers Ho Hey
18%
45 Bruno Mars Locket Out Of Heaven
3%
15 Ed Sheeran Perfact
0%
No matching quizzes found
Score Distribution
Percent of People with Each Score
Percentile by Number Answered
Your Score History
You have not taken this quiz